Antara hamba Allah dan hamba syaitan (Record no. 25222)

MARC details
000 -LEADER
fixed length control field 00645nam a2200241 i 4500
001 - CONTROL NUMBER
control field C2-0104943
003 - CONTROL NUMBER IDENTIFIER
control field PPAK
005 - DATE AND TIME OF LATEST TRANSACTION
control field 20180727101309.0
008 - FIXED-LENGTH DATA ELEMENTS--GENERAL INFORMATION
fixed length control field 970610s1995 my |||| ||||| | may d
020 ## - INTERNATIONAL STANDARD BOOK NUMBER
International Standard Book Number 9830460126
040 ## - CATALOGING SOURCE
Original cataloging agency PPAK
Language of cataloging eng
Transcribing agency PPAK
Description conventions rda
082 04 - DEWEY DECIMAL CLASSIFICATION NUMBER
Classification number 297.5
Edition number 23
090 00 - LOCALLY ASSIGNED LC-TYPE CALL NUMBER (OCLC); LOCAL CALL NUMBER (RLIN)
Classification number (OCLC) (R) ; Classification number, CALL (RLIN) (NR) 297.5
Feature heading ANT
Feature heading G
245 00 - TITLE STATEMENT
Title Antara hamba Allah dan hamba syaitan
264 #1 - PRODUCTION, PUBLICATION, DISTRIBUTION, MANUFACTURE, AND COPYRIGHT NOTICE
Place of production, publication, distribution, manufacture Kuala Lumpur :
Name of producer, publisher, distributor, manufacturer Darul Nu'man ,
Date of production, publication, distribution, manufacture, or copyright notice 1995
300 ## - PHYSICAL DESCRIPTION
Extent x, 179 pages ;
Dimensions 21 cm
336 ## - CONTENT TYPE
Source rdacontent
Content type term text
337 ## - MEDIA TYPE
Source rdamedia
Media type term unmediated
338 ## - CARRIER TYPE
Source rdacarrier
Carrier type term volume
650 10 - SUBJECT ADDED ENTRY--TOPICAL TERM
Topical term or geographic name entry element Islamic ethics
700 0# - ADDED ENTRY--PERSONAL NAME
Personal name Md. Isa Selamat,
Relator term compile
942 ## - ADDED ENTRY ELEMENTS (KOHA)
-- dc
Koha item type Book
Holdings
Withdrawn Not for loan Current library Shelving location Date acquired Full call number Barcode Date last seen Koha item type Total Checkouts Date last checked out
    Perpustakaan Alor Setar Pinjaman Dewasa 14/07/1997 297.5 ANT A00030628 15/08/2018 Book 1 01/08/2018
    Perpustakaan Jitra Pinjaman Dewasa 14/01/2004 297.5 ANT A00837476 08/05/2018 Book    
    Perpustakaan Jitra Pinjaman Dewasa 15/01/2004 297.5 ANT A00837643 08/05/2018 Book    
    Perpustakaan Langkawi Pinjaman Dewasa 24/01/2005 297.5 ANT A00347954 08/05/2018 Book